Skład Arki Gdynia 2025/26 - Statystyki

Ogólne statystyki
  • Ten quiz został rozwiązany 46 razy
  • Średni wynik to 13 z 24
Statystyki odpowiedzi
Kraj Zawodnik % Poprawnych
Polska Damian Węglarz
92%
Hiszpania Marc Navarro
83%
Wybrzeże Kości Słoniowej Alassane Sidibe
81%
Polska Michał Marcjanik
81%
Niemcy Sebastian Kerk
81%
Japonia, Włochy Hide Vitalucci
78%
Hiszpania Enrique Hermoso
72%
Polska Dawid Gojny
69%
Polska Jędrzej Grobelny
67%
Polska Kamil Jakubczyk
67%
Polska Dawid Abramowicz
64%
Polska, Kanada Dominick Zator
64%
Polska Szymon Sobczak
61%
Hiszpania Diego Percan
58%
Gruzja Tornike Gaprindaszwili
58%
Francja, Włochy Julien Celestine
53%
Polska Dawid Kocyła
47%
Polska Marcel Predenkiewicz
42%
Polska Przemysław Stolc
42%
Polska Paweł Depka
28%
Polska Adam Ratajczyk
25%
Polska Michał Rzuchowski
17%
Polska Kacper Skóra
14%
Polska Hubert Strugała
0%
Nie znaleziono quizów pasujących do podanych kryteriów
Rozkład punktacji
Procent ludzi z każdym wynikiem
Percentyl według liczby udzielonych odpowiedzi
Twoja historia wyników
Nie rozwiązałeś tego quizu